|
|
|
|
| LEADER |
00969nam a22002537a 4500 |
| 001 |
AAL4438 |
| 003 |
BD-DhAAL |
| 005 |
20160322142208.0 |
| 008 |
160322s 2001bg a|||| b||| 00| 0 ben d |
| 020 |
|
|
|a 9840741462
|
| 040 |
|
|
|a BD-DhAAL
|c BD-DhAAL
|
| 082 |
|
|
|2 22
|a 305.4201
|
| 100 |
|
|
|a আলম, রফিকুল
|9 18736
|
| 245 |
|
|
|a বিশ্ব সভ্যতা ও শিল্পকলা /
|c রফিকুল আলম
|
| 260 |
|
|
|a ঢাকা :
|b বাংলা একাডেমী,
|c ২০০১
|
| 300 |
|
|
|a ৩১৫ পৃ. :
|b চিত্র ;
|c ২২ সে.মি.
|
| 504 |
|
|
|6 Includes bibliography
|
| 541 |
|
|
|e 4438
|
| 650 |
|
|
|a Art.
|9 18737
|
| 650 |
|
|
|a Culture.
|9 18738
|
| 852 |
|
|
|a Savar Campus Library
|c General Shelf
|
| 942 |
|
|
|2 ddc
|c BK
|
| 999 |
|
|
|c 37201
|d 37201
|
| 952 |
|
|
|0 0
|1 0
|2 ddc
|4 0
|6 305_420100000000000_ALA
|7 0
|9 58483
|a SCL
|b SCL
|c GEN
|d 2016-03-22
|g 140.00
|l 1
|m 5
|o 305.4201 ALA
|p 3020004438
|r 2023-12-06
|s 2023-10-12
|t 1
|w 2016-03-22
|y BK
|